Jogadores Campeões da Copa do Brasil, Libertadores e Brasileiro - Statistics

Estatísticas Gerais
  • Esse quiz foi jogado 290 vezes
    26 desde o último reset
  • A pontuação média é 36 de 126
Estatísticas das Respostas
Resposta % Correto
Arrascaeta
84%
Gabriel Barbosa
79%
Bruno Henrique
74%
Danilo
68%
Pedro
63%
Cebolinha
58%
Felipe
58%
Filipe Luis
58%
Leo
58%
Rossi
58%
Alex
53%
Alex Sandro
53%
Dudu
53%
53%
Marcos Rocha
53%
Pulgar
53%
Rafinha
53%
Diego Alves
47%
Everton Ribeiro
47%
Fábio
47%
Felipe Melo
47%
Gustavo Gomez
47%
Júnior
47%
Junior
47%
Rodinei
47%
Varela
47%
Weverton
47%
Ayrton Lucas
42%
Gerson
42%
Leo Pereira
42%
Luan
42%
Pablo
42%
Plata
42%
Raphael Veiga
42%
Renato Gaúcho
42%
Rodrigo Caio
42%
Allan
37%
De La Cruz
37%
Diego Ribas
37%
Edu Dracena
37%
Júlio Cesar
37%
Leandro
37%
Paulo Nunes
37%
Rony
37%
Viña
37%
Wesley
37%
Arouca
32%
César
32%
Chicão
32%
Emerson
32%
Leo Ortiz
32%
Matheus Cunha
32%
Wallace
32%
Alecssandro
26%
Alessandro
26%
Dida
26%
Gustavo Scarpa
26%
Hugo Souza
26%
Keno
26%
Patrick de Paula
26%
Paulo Andre
26%
Rafael Sobis
26%
TcheTche
26%
João Gomes
21%
Jorge Henrique
21%
Josué
21%
Leonardo
21%
Lucas Lima
21%
Matheuzinho
21%
Mayke
21%
Muller
21%
Murilo
21%
Oséas
21%
Pará
21%
Rever
21%
Richarlysson
21%
Thiago Maia
21%
Vitinho
21%
Vitor
21%
Diego Tardeli
16%
Diogo Barbosa
16%
Edcarlos
16%
Evertton Araujo
16%
Gabriel Menino
16%
Guga
16%
Kleber
16%
Luizão
16%
Michael
16%
Paulo Roberto
16%
Tinga
16%
Zé Rafael
16%
Zinho
16%
Adilson Batista
11%
Bruno Rodrigo
11%
Cleber
11%
Danilo Fernandes
11%
Dinho
11%
Jailson
11%
Marcelo Ramos
11%
Nacho
11%
Ramon
11%
Roger Machado
11%
Wiliam
11%
Alex Mineiro
5%
Arce
5%
Carlos Miguel
5%
Danrley
5%
Elivelton
5%
Gabriel Veron
5%
Junior Baiano
5%
Kuscevic
5%
Macedo
5%
Mauro Galvão
5%
Nelsinho
5%
Pedro Rocha
5%
Ramon Menezes
5%
Rivarola
5%
Velloso
5%
Victor Hugo
5%
Victor Luis
5%
Joao Carlos
0%
Nenhum quiz correspondente encontrado
Distribuição das Pontuações
Porcentagem de Pessoas com Cada Pontuação
Percentil de Números Respondidos
Sua Pontuação Histórica
Você não jogou esse quiz desde o último reset